ბათუმის შოთა რუსთაველის სახელმწიფო უნივერსიტეტის ბიბლიოთეკა

Two-Hour Cross-Stitch (ბიბ.ჩანაწერი № 47366)

000 -LEADER
fixed length control field 00529nam a2200229Ia 4500
001 - CONTROL NUMBER
control field 14227
003 - CONTROL NUMBER IDENTIFIER
control field GE_BSU
008 - FIXED-LENGTH DATA ELEMENTS--GENERAL INFORMATION
fixed length control field 181216s||||||||xx |||||||||||||| ||und||
020 ## - INTERNATIONAL STANDARD BOOK NUMBER
International Standard Book Number 0806909528
040 ## - CATALOGING SOURCE
Transcribing agency GE_BSU
080 ## - UNIVERSAL DECIMAL CLASSIFICATION NUMBER
Universal Decimal Classification number 746
100 ## - MAIN ENTRY--PERSONAL NAME
Personal name Boereds,Patrice
245 ## - TITLE STATEMENT
Title Two-Hour Cross-Stitch
245 ## - TITLE STATEMENT
Remainder of title 515 fabulous Designs
260 ## - PUBLICATION, DISTRIBUTION, ETC.
Place of publication, distribution, etc. New York
260 ## - PUBLICATION, DISTRIBUTION, ETC.
Name of publisher, distributor, etc. A sterling/Chapelle
260 ## - PUBLICATION, DISTRIBUTION, ETC.
Date of publication, distribution, etc. 1994
300 ## - PHYSICAL DESCRIPTION
Extent 143p.ill.29cm.
653 ## - INDEX TERM--UNCONTROLLED
Uncontrolled term 515 fabulous Designs
653 ## - INDEX TERM--UNCONTROLLED
Uncontrolled term Two-Hour Cross-Stitch
942 ## - ADDED ENTRY ELEMENTS (KOHA)
Koha item type წიგნი
ეგზემპლარები
Withdrawn status Lost status Damaged status Not for loan Date acquired Barcode Date last seen Price effective from Koha item type
        2018-12-17 37469 2018-12-17 2018-12-17 წიგნი